00517 a2200145 4500020003300000082001600033100002300049245005900072260003400131300003300165650003800198650002400236999001500260952009600275 a0824796926 (acid-free paper) a624.171 FER aFertis, Demeter G. aAdvanced mechanics of structures /cDemeter G. Fertis. aNew York :bM. Dekker,c1996. axv, 490 p. :bill. ;c27 cm. aStructural analysis (Engineering) aMechanics, Applied. c1242d1242 00104070aNITbNITcCEd0000-00-00l0o624.171 FERpNIT-2152 r2017-01-05w2017-01-05yBK